00813nam a2200229Ia 4500003000900000008004100009040001600050080001500066100002400081245013900105260003500244300001400279490002300293650003100316650001900347650002800366700002400394700002700418942000700445999001500452952011600467IN-BaIIA211028s9999 xx 000 0 eng d cIIA Library a533.5bRED aRedhead, P. A95872 4aThe physical basis of ultrahigh vacuumcRedhead P. A., Hobson J. P. and Kornelsen E. V.  aLondonbChapman and Hallc1968 axi, 498p. aHigh vacuum series aLow density research95873 aNASA thesaurus aUltra high vacuum95874 aHobson, J. P.95875 aKornelsen, E. V.95876 cBK c3300d3300 00104070aBANbBANcGENd1969-09-25g85.05l0o533.5/ REDp3664r2021-11-05v85.05w1969-09-25yBKGRs. 85.05